Culture Générale - Série 518 - Statistiques

Statistiques générales
  • Ce quiz a été pris 145 fois
  • Le résultat moyen est 6 sur 10
Statistiques - réponses
Question Réponse % Correct
Au coup d'envoi d'un match officiel de handball, combien y a-t-il de joueurs par équipe ? 7
91%
Quel nombre arabe s'écrit C majuscule, V majuscule en chiffres romains ? 105
83%
Quel footballeur formait avec Alain Giresse, Luis Fernandez et Jean Tigana, le "carré magique" de l'équipe de France des années 1980 ? Michel Platini
69%
Lors de quelle guerre la bataille d'Azincourt s'est-elle déroulée ? La Guerre de Cent Ans
64%
Quels animaux sont associés à "des hommes" dans le titre d'un roman de John Steinbeck ? souris
63%
Quel inspecteur a été interprété à la télévision par Horst Tappert ? Derrick
58%
Quel requin est le plus grand poisson du monde ? requin-baleine
56%
Quel pays est associé aux emprunts qui ont ruiné nombre d'épargnants français en 1917-1918 ? Russie
52%
Quel objet "à spirale" William Sheller a-t-il chanté en 1976 ? carnet
45%
Quel prénom Yves Simon associe-t-il au "pays des merveilles" dans une chanson en 1973 ? Juliet
12%
Aucun quiz correspondant
Distribution des résultats
% des personnes avec chaque résultat
Percentile par nombre de réponses
Votre historique - résultats
Vous n’avez pas pris ce quiz